000
00302nam a22001337a 4500
008
170911b xxu||||| |||| 00| 0 eng d
020
_a
9780805389319
041
_a
eng
080
_2
3 ED
_a
52
100
_a
42
101
_a
AST
245
_a
SATRS GALAXIES COSMOLOGY
_c
DONAHUE.B
942
_2
udc
_c
BK
999
_c
27058
_d
27058